000
00354 a2200169 4500
001
157062
020
_a
9788516107857
040
_c
Escola São Tomás de Aquino
100
_a
ROCHA, Ruth
240
1
0
_a
Tocar
_l
por
245
1
0
_a
Tocar
300
_a
24 p.
362
0
_a
2017
440
1
_a
Salamandra
697
_a
*LITERATURA INFANTIL
942
_c
BK
999
_c
157062
_d
157062